00445nam a2200157Ia 4500003000400000008004100004040001600045082002000061100002300081245007500104260004200179300000900221650001300230650002300243650002100266GCL140319s9999 xx 000 0 eng d aGCL / cGCL04aCHb891.76bP T1 aPUSHKIN, ALEXANDER10aTHE TALE OF THE DEAD PRINCESS AND SEVEN KNIGHTS / cPUSHKIN, ALEXANDER a[S.N] : bRADUGA PUBLISHERS ، c1984 a36 P04aCHILDREN04aRUSSIAN LITERATURE04aRUSSIA - FICTION